Norddeutschland Quiz - Statistiken

Allgemein
  • Dieses Quiz wurde 122 mal gespielt
  • Das Durchschnittsergebnis liegt bei 7 aus 11
Antwortstatistiken
Hint Antwort % Korrekt
Stadt mit über 2000 Brücken Hamburg
98%
Typische Begrüßung Moin
98%
"Der echte Norden!" Slogan welches Bundeslandes? Schleswig Holstein
96%
nördlichste große Stadt Flensburg
89%
Fischbrötchenräuber (Tier) Möwe
86%
größte Insel Deutschlands Rügen
85%
Längste Autobahn Deutschlands beginnend an der Dänisch-Deutschen Grenze A7
77%
"...." tut gut MV
17%
Name der Bäderbahn (MV) Molli
13%
größter Fischmarkt Deutschlands Hamburg Altona
2%
Weltmeister im Tee trinken Ostfiresland
0%
Keine übereinstimmenden Quizze gefunden
Verteilung der Resultate
Anzahl Personen mit jedem Resultat
Perzentil nach korrekt beantworteten Fragen
Ihre Resultats-Entwicklung
Sie haben dieses Quiz noch nicht gespielt